000 01875nam a2200385 4500
001 14008
003 http://catalogue.bnf.fr/ark:/12148/cb48661023r
005 20260116125036.0
010 _a9782487746176
_d15 EUR
073 0 _a9782487746176
090 _a14008
099 _o0
100 _a20251205d2025 m y0frey50 ba
101 0 _afre
102 _aFR
105 _a||||z 00|||
181 0 _601
_ai
_bxxxe
181 _602
_ctxt
_2rdacontent
182 0 _601
_an
182 _602
_cn
_2rdamedia
200 1 _aNelvar
_bLIVR
_ele royaume sans peuple
214 0 _cEsse que éditions
_d2025
214 3 _cImpr. Typolibris
214 0 _aPantin
214 3 _a22-Saint-Brieuc cedex 9
215 _a1 vol. (157 p.)
215 _d19 cm
323 _aindéfini
330 _aDans le royaume de Nelvar, rien ne va plus. Le roi Flégur est mort sans héritier. L alliance ancienne nouée entre les différentes communautés est à bout de souffle : Orcs, Elfes, Trolls, Mages et Humains se battent pour accéder au trône. Pour départager les prétendant·es, il faut retrouver la couronne de Boroghmar, qui ne peut aller que sur la tête de celle ou celui qui sera digne de diriger Nelvar. Mais les différentes espèces qui peuplent le royaume réussiront-elles à s unir pour mener à bien cette quête ? Dans cette pièce épique d heroic fantasy, Logan De Carvalho met en scène un monde imaginaire, reflet à peine déformé du nôtre, et questionne le mythe du vivre-ensemble. Une fable à l humour ravageur, qui utilise la fiction pour ranimer nos rêves de changement.
610 _afantastique
_aroyaume
_acombats
700 _aDe Carvalho
_bLogan
700 _cAuteur du texte
801 0 _aFR
_bFR-751131015
_c20251205
_gAFNOR
_hFRBNF486610230000006
856 2 _u1144944
_bPremière de couverture
856 2 _u1144945
_bQuatrième de couverture